| 000 | 02429nam a2200421 i 4500 | ||
|---|---|---|---|
| 001 | 193195 | ||
| 003 | SpMaBN | ||
| 005 | 20250630060301.0 | ||
| 007 | ta | ||
| 008 | 231002s2022 sp | |||| 000 f spa | ||
| 017 |
_aB 11598-2020 _bOficina Depósito Legal Barcelona |
||
| 020 | _a9788425359446 | ||
| 035 | _aa7089515 | ||
| 040 |
_aSpMaBN _bspa _cSpMaBN _erda _dES-MaACL |
||
| 080 | _a821.112.2-31"20" | ||
| 100 |
_aWolf, Daniel, _d1977- _9234298 _eaut |
||
| 245 | 1 | 3 |
_aLa plaga del cielo / _cDaniel Wolf ; traducción de Carlos Fortea |
| 250 | _aPrimera edición: noviembre de 2020, primera reimpresión: febrero de 2022 | ||
| 264 | 1 |
_a[Barcelona] : _bGrijalbo, _c2022 |
|
| 300 |
_a649 páginas ; _b1 mapa ; _c24 cm |
||
| 336 |
_aTexto _2rdacontent |
||
| 337 |
_asin mediación _2rdamedia |
||
| 338 |
_avolumen _2rdacarrier |
||
| 500 | _aGlosario: p. 643-[649] | ||
| 500 | _aVolumen 4 de la saga de los Fleury. | ||
| 520 | _aUn joven y valiente cirujano se enfrenta a una oscura epidemia al tiempo que combate otra plaga invisible provocada por los prejuicios y la injusticia. Ducado de Lorena, 1346. Adrien Fleury siempre soñó con ser medico, pero ni en sus peores pesadillas pudo anticipar que, cuando lo consiguiera, debería combatir la plaga más letal que la región había conocido hasta el momento. Su valerosa defensa de la ciencia y su ardiente amor por Lea, una inteligente joven judía, le valdrán el odio eterno de los poderosos e intransigentes, quienes buscan siempre un chivo expiatorio para ocultar sus propias miserias. Con su inmenso talento narrativo, Daniel Wolf nos lleva a un siglo que empezaba a dejar atrás el oscurantismo medieval y nos regala una historia fascinante donde brillan el amor por la ciencia y la defensa de la verdad. | ||
| 534 | _pTraducción de: Die Gabe des Himmels | ||
| 655 | 7 |
_aNovelas históricas _2tgfbne _9226782 |
|
| 700 | 1 |
_aFortea, Carlos, _d1963- _etrl _951844 |
|
| 852 |
_aES-MaACL _9200574 _bR.154603 _jN-9362 _cDEPOJ _hDonación: Carlos Fortea _xEncuadernación cartoné con sobrecubiertas _pV. IV (Saga de los Fleury) |
||
| 903 |
_aFortea, Carlos, _d1963- _ednr _951844 |
||
| 942 |
_n0 _cMONOGRAFIA |
||
| 999 |
_c193195 _d193195 |
||